New responsabilities (Registro nro. 3654)

Detalles MARC
000 -CABECERA
Campo de control 00798nam a2200253 a 4500
005 - FECHA Y HORA DE LA ULTIMA TRANSACCION
Campo de control 20160516154644.0
008 - ELEMENTOS DE LONGITUD FIJA—INFORMACION GENERAL
Campo de control 140312b1992 ne ||||| |||| 00| 0 eng d
040 ## - FUENTE DE CATALOGACIÓN
Agencia catalogadora original CO-BoIAVH
Agencia transcriptora CO-BoIAVH
041 ## - IDIOMA
Código de idioma para texto/pista de sonido o título separado Inglés
082 ## - NUMERO DE CLASIFICACION DECIMAL DEWEY
Número de clasificación 333.2
Número del ítem B94n
100 1# - ASIENTO PRINCIPAL--NOMBRE PERSONAL
Nombre personal Bunyard, Peter
9 (RLIN) 20564
110 ## - ASIENTO PRINCIPAL--NOMBRE CORPORATIVO
Unidad subordinad AID Environment
9 (RLIN) 18786
245 1# - MENCION DE TITULO
Título New responsabilities
Parte restante del título resguardos in the Colombian Amazon
260 ## - PUBLICACION, DISTRIBUCION, ETC. (PIE DE IMPRENTA)
Lugar de publicación, distribución, etc. Amsterdam
Nombre del editor, distribuidor, etc. GTZ
-- TFAP
Fecha de publicación, distribución, etc. 1992
300 ## - DESCRIPCION FISICA
Extensión 154 paginas
650 14 - ASIENTO SECUNDARIO DE MATERIA - TERMINO TEMATICO
Término temático o nombre geográfico como elemento de entrada Resguardos indígenas
Subdivisión general Aspectos ambientales
Subdivisión geográfica Colombia.
9 (RLIN) 68463
650 14 - ASIENTO SECUNDARIO DE MATERIA - TERMINO TEMATICO
Término temático o nombre geográfico como elemento de entrada Ecología
Subdivisión geográfica Amazonas (colombia)
9 (RLIN) 68464
700 ## - ASIENTO SECUNDARIO - NOMBRE PERSONAL
Nombre personal Meresch, Sabine
9 (RLIN) 20565
700 ## - ASIENTO SECUNDARIO - NOMBRE PERSONAL
Nombre personal Castellanos, Diana
9 (RLIN) 20566
700 ## - ASIENTO SECUNDARIO - NOMBRE PERSONAL
Nombre personal Renjifo, Juan Manuel
9 (RLIN) 20567
710 ## - ASIENTO SECUNDARIO - NOMBRE CORPORATIVO
Nombre corporativo o de jurisdicción como elemento de entrada Ecological Fundation
9 (RLIN) 67834
942 ## - ELEMENTOS ADICIONALES (KOHA)
Tipo de ítem Libro
Sistema de clasificación Dewey Decimal Classification
945 ## - PROCESAMIENTO LOCAL
AAAA-MM-DD - Fecha de ingreso o modificacion 2004-02-02
Existencias
Withdrawn status Lost status Sistema de Clasificación Damaged status No para préstamo Colección Inventariado Ubicación Permanente Ubicación actual Fecha de adquisición Fuente de Valor Valor Total Checkouts Número topográfico Inventario / Código de Barras Date last seen Ejemplar Price effective from Forma de adquisición Tipo de material
    Dewey Decimal Classification     General Inventariado 2017 Bogotá Bogotá 02/02/2004 Instituto 39000.00   LB-333.2 B94n 015383 04/12/2012 Ej. 1 04/12/2012 Donación Libro